LDR 00792naa#a2200205#i#450# 001 EN\\bibl\119668 005 20260416230854.4 011 ## _a2311-8873 100 ## _a20260410b2026####ek#y0engy0150####ca 102 ## _aRU 200 1# _aON THE ISSUE OF ASSESSING THE CONTROLLABILITY OF VEHICLES WITH AN ON-BOARD TURN METHOD _eJournal article 210 1# _aVoronezh _cFSBE Institution of Higher Education Voronezh State University of Forestry and Technologies named after G.F. Morozov _d2026 215 ## _a11 с. 608 ## _aJournal article _2local 675 ## _aТехника средств транспорта. 629 _z 700 #1 _aKuklina _gIrina Gennad'evna 700 #1 _aLevshunov _gLev Sergeevich 700 #1 _aMolev _gMihail Yur'evich 700 #1 _aFedorenko _gAleksandr Viktorovich 856 4# _avntv.editorum.ru _u